<?xml version="1.0" encoding="UTF-8"?>
<marc:record xmlns:marc="http://www.loc.gov/MARC21/slim">
   <marc:leader>00000nam a2200000 a 4500</marc:leader>
   <marc:datafield ind1="1" ind2=" " tag="100">
      <marc:subfield code="a">Thömmes, Günther</marc:subfield>
      <marc:subfield code="4">aut</marc:subfield>
      <marc:subfield code="e">Verfasser/-in</marc:subfield>
   </marc:datafield>
   <marc:datafield ind1="0" ind2="0" tag="245">
      <marc:subfield code="a">Der Limonadenmann oder Die wundersame Geschichte eines Goldschmieds, der der Frau, die er liebte, das Leben retten wollte und dabei die Limonade erfand</marc:subfield>
   </marc:datafield>
   <marc:datafield ind1="0" ind2="0" tag="245">
      <marc:subfield code="b">Historischer Roman</marc:subfield>
   </marc:datafield>
   <marc:datafield ind1="0" ind2="0" tag="245">
      <marc:subfield code="c">Günther Thömmes</marc:subfield>
   </marc:datafield>
   <marc:datafield ind1=" " ind2="1" tag="264">
      <marc:subfield code="a">Meßkirch</marc:subfield>
      <marc:subfield code="b">Gmeiner-Verlag</marc:subfield>
      <marc:subfield code="c">2018</marc:subfield>
   </marc:datafield>
   <marc:datafield ind1=" " ind2=" " tag="250">
      <marc:subfield code="a">2018. Auflage</marc:subfield>
   </marc:datafield>
   <marc:datafield ind1="1" ind2=" " tag="520">
      <marc:subfield code="a">Der hugenottisch geprägte Jacob entwickelt sich vom einfachen Bauernsohn zum gefragten Goldschmied, Juwelier und Gentleman. Sein Weg führt ihn von Hessen über Genf nach London. Als Erstem gelingt ihm, nach jahrelanger Tüftelei, die Erzeugung künstlichen Mineralwassers. Gegen alle Widerstände hat er Erfolg. Doch kann seine Erfindung auch der Frau, die er liebt, das Leben retten? Und nebenbei auch noch einen Mann aus dem Weg räumen, der kein Mitleid verdient? Heute ist Jacobs Nachname weltbekannt, er selbst wurde jedoch - zu Unrecht - fast vergessen.</marc:subfield>
   </marc:datafield>
   <marc:datafield ind1=" " ind2=" " tag="020">
      <marc:subfield code="a">9783839222966</marc:subfield>
      <marc:subfield code="9">9783839222966</marc:subfield>
   </marc:datafield>
   <marc:datafield ind1=" " ind2=" " tag="020">
      <marc:subfield code="a">3839222966</marc:subfield>
      <marc:subfield code="9">3839222966</marc:subfield>
   </marc:datafield>
   <marc:datafield ind1=" " ind2=" " tag="041">
      <marc:subfield code="a">ger</marc:subfield>
   </marc:datafield>
   <marc:datafield ind1=" " ind2=" " tag="300">
      <marc:subfield code="a">280 Seiten</marc:subfield>
   </marc:datafield>
</marc:record>
